Laboratory and observational infrared spectra of interstellar dust (Record no. 9408)

MARC details
000 -LEADER
fixed length control field 01003nam a2200229Ia 4500
003 - CONTROL NUMBER IDENTIFIER
control field IN-BaIIA
008 - FIXED-LENGTH DATA ELEMENTS--GENERAL INFORMATION
fixed length control field 211028s9999 xx 000 0 eng d
020 ## - INTERNATIONAL STANDARD BOOK NUMBER
International Standard Book Number 0-902553-29-1
040 ## - CATALOGING SOURCE
Transcribing agency IIA Library
080 ## - UNIVERSAL DECIMAL CLASSIFICATION NUMBER
Universal Decimal Classification number 524.572(063)
Item number LAB
100 ## - MAIN ENTRY--PERSONAL NAME
Personal name Wolstencroft, R. D.
9 (RLIN) 15842
111 ## - MAIN ENTRY--MEETING NAME
Meeting name or jurisdiction name as entry element Workshop on Laboratory and Observational Infrared Spectra of Interstellar Dust
Location of meeting Hilo, Hawai
Date of meeting or treaty signing 1983 July 18-20
9 (RLIN) 15843
245 #0 - TITLE STATEMENT
Title Laboratory and observational infrared spectra of interstellar dust
Remainder of title proceedings of the workshop on Laboratory and observational infrared spectra of interstellar dust held in, Hilo, Hawai, 18-20 July 1983
Statement of responsibility, etc. Wolstencroft, R. D
260 ## - PUBLICATION, DISTRIBUTION, ETC.
Place of publication, distribution, etc. Hawaii
Name of publisher, distributor, etc. Royal Observatory
Date of publication, distribution, etc. 1984
300 ## - PHYSICAL DESCRIPTION
Extent vi, 174p.
490 ## - SERIES STATEMENT
Series statement Occasional reports of the Royal Observatory; no. 12
650 ## - SUBJECT ADDED ENTRY--TOPICAL TERM
Topical term or geographic name entry element Astronomy and astrophysics thesaurus
650 ## - SUBJECT ADDED ENTRY--TOPICAL TERM
Topical term or geographic name entry element Cosmic dust
9 (RLIN) 3926
650 ## - SUBJECT ADDED ENTRY--TOPICAL TERM
Topical term or geographic name entry element Infrared spectra
9 (RLIN) 5635
650 ## - SUBJECT ADDED ENTRY--TOPICAL TERM
Topical term or geographic name entry element Interstellar dust
9 (RLIN) 5398
942 ## - ADDED ENTRY ELEMENTS (KOHA)
Koha item type Books
Holdings
Withdrawn status Lost status Damaged status Not for loan Home library Current library Shelving location Date acquired Total Checkouts Full call number Barcode Date last seen Price effective from Koha item type
        IIA Library-Bangalore IIA Library-Bangalore General Stacks     524.572(063)/ LAB 10318 05/11/2021   Books

Powered by Koha